01272nam a22003134a 4500001001200000003000800012006001900020007001500039008004100054010001700095020001500112040002100127035002100148050002500169082001800194100002300212245018900235260003200424300002300456504006400479533015200543650002600695650002400721655002900745700002600774710001700800856012600817999001500943ebr10005777CaPaEBRm u cr cn|||||||||001205s2001 nyua sb 001 0 eng  z 00068255  z0814406343 aCaPaEBRcCaPaEBR a(OCoLC)61453630714aHD30.2b.H386 2001eb04a658.4/0382211 aHatten, Kenneth J.10aReaching for the knowledge edgeh[electronic resource] :bhow the knowing corporation seeks, shares & uses knowledge for strategic advantage /cKenneth J. Hatten, Stephen R. Rosenthal. aNew York :bAMACOM,cc2001. axi, 240 p. :bill. aIncludes bibliographical references (p. 231-234) and index. aElectronic reproduction.bPalo Alto, Calif. :cebrary,d2013.nAvailable via World Wide Web.nAccess may be limited to ebrary affiliated libraries. 0aKnowledge management. 0aStrategic planning. 7aElectronic books.2local1 aRosenthal, Stephen R.2 aebrary, Inc.40uhttp://site.ebrary.com/lib/rucke/Doc?id=10005777zAn electronic book accessible through the World Wide Web; click to view c3679d3679